Час сподівань і звершень (Запис № 365800)

МАРК-запис
000 -Лідер
fixed length control field 00758nam a22002417a 4500
001 - Контрольний номер
control field 79469
003 - Ідентифікатор контрольного номера
control field UA-OsUOA
005 - Дата та час останнього входження (трансакції)
control field 20201201201825.0
007 - Фіксоване поле фізичного опису
fixed length control field ta
008 - Елементи даних фіксованої довжини – загальна інформація
fixed length control field 20111109b un ||||| |||| 00| 0 ukr d
040 ## - Джерело каталогізації
Агенція оригінальної каталогізації UA-OsUOA
Мова каталогізації ukr
Агенція, яка здійснювала перезапис UA-OsUOA
Агенція, яка здійснювала модифікацію UA-OsUOA
041 ## - Код мови
Код мови тексту/ звукової доріжки чи окремого заголовка (П) ukr
080 ## - Індекс Універсальної десяткової класифікації
Індекс Універсальної десяткової класифікації (УДК) (НП) 821.161.2
090 ## - Локальний шифр розміщення
Класифікаційний індекс УДК 821.161.2
Авторський знак (НП) Р49
100 ## - Основне введення – ім’я особи
Ім’я особи (НП) Рибак Н.
245 ## - Відомості про назву
Назва (НП) Час сподівань і звершень
Решта назви (НП) роман у двох книгах
Номер частини/ розділу роботи (П) кн. 1
Назва частини/ розділу роботи Скриня Пандори
260 ## - Публікація, розповсюдження і т.п. (Вихідні дані)
Місце публікації, розповсюдження і т.п. (П) К.
Ім’я/ наймення видавництва, розповсюджувача і т.п. (П) Дніпро
Дата публікації, розповсюдження і т.п. (П) 1977
300 ## - Фізичний опис
Обсяг 615 с.
650 #7 - Додаткове предметне введення – тематичний термін
Тематичний термін чи географічна назва, як елемент введення (НП) 82 Література. Літературознавство
Джерело заголовка чи терміна UDC
942 ## - Додаткові елементи входу (Коха)
Тип елемента Koha Книги
Source of classification or shelving scheme Universal Decimal Classification
955 ## - Код типу видання за змістом
Код типу видання за змістом (НП) Літературно-художні видання
Фонди
Стан вилучень Стан втрат Джерело класифікації або схеми стелажів Стан уражень Не для кредиту Код колекції Постійне місце розташування Поточне розміщення Дата придбання Джерело придбання Вартість, звичайна ціна покупки Інвентарний номер Усього замовленно Повний номер виклику Штрих-код Дата останнього перегляду Ціна ефективна від Тип елемента Koha
    Universal Decimal Classification     Колекція Василишина Р.Д. АБ - Абонемент НБ АБ - Абонемент НБ 09/11/2011 134/2011 10.00 135414   821.161.2 Р49 135414 29/09/2021 09/11/2011 Книги
    Universal Decimal Classification       АБ - Абонемент НБ АБ - Абонемент НБ 21/11/2012     16913   821.161.2 Р49 16913 05/04/2022 09/11/2011 Книги
    Universal Decimal Classification       АБ - Абонемент НБ АБ - Абонемент НБ 20/11/2012     28628   821.161.2 Р49 28628 05/04/2022 09/11/2011 Книги
    Universal Decimal Classification       АБ - Абонемент НБ АБ - Абонемент НБ 20/11/2012     58180   821.161.2 Р49 58180 05/04/2022 09/11/2011 Книги
    Universal Decimal Classification       АБ - Абонемент НБ АБ - Абонемент НБ 16/10/2010     10254   821.161.2 Р49 10254 30/06/2022 16/10/2019 Книги